Movie Trivia: Actors' Western Roles - Statistics

General Stats
  • This quiz has been taken 98 times
  • The average score is 7 of 15
Answer Stats
Hint Answer % Correct
Will Munny, Billy McCoy, Joe Kidd, Josey Wales Clint Eastwood
87%
Davy Crockett, Rooster Cogburn, John Chisum, John Wayne
87%
Charley Waite, Wyatt Earp, Lt. John Dunbar, Jake (no last name given) Kevin Costner
61%
John L. Bridges, Rooster Cogburn, Jack McKee, Wild Bill Hickok Jeff Bridges
59%
Kid Shelleen, Liberty Valance, Monte Walsh Lee Marvin
53%
Thomas Jefferson Destry Jr., Lin McAdam, Tom Jeffords, Mace Bishop, Wyatt Earp, Ransom "Rance" Stoddard, Marshal Guthrie McCabe James Stewart
49%
Vin Tanner, Max Sand a.k.a.Nevada Smith, Junior "JR" Bonner, Tom Horn Steve McQueen
43%
Sheriff Franklin Hunt, Wyatt Earp, John "The Hangman" Ruth Kurt Russell
39%
Woodraw Call, Samuel Jones, Pete Perkins, Ed Tom Bell Tommy Lee Jones
38%
Jethro Stuart, Wyatt Earp, Frank James, Lt. Col. Owen Thursday Henry Fonda
37%
Mac Sledge, Jesse James, Ned Pepper, Boss Spearman Robert Duvall
37%
Melody Jones, Will Kane, Maj. Thomas Thorn, Benjamin Trane, Jeff Dawson Gary Cooper
27%
Brandt Ruger, Zandy Allen, Little Bill Daggett, Nicholas Earp, John Herod Gene Hackman
27%
Buffalo Bill Cody, Capt. Colt Saunders, Bill Tyler, Will Penny Charlton Heston
25%
Rafe Quint, Joe Danby, Asa "Long Hair" Watts, Jack Strawhorn, Harry Tracy, Will Plummer, Gen. Sanford Smithers Bruce Dern
13%
No matching quizzes found
Score Distribution
Percent of People with Each Score
Percentile by Number Answered
Your Score History
You have not taken this quiz